Migrantinnen im Frauenhaus: biografische Perspektiven auf Gewalterfahrungen
| Main Author: | |
|---|---|
| Format: | Print Book |
| Language: | German |
| Published: |
Opladen [u.a.]
Budrich
2008
|
| In: |
Rekonstruktive Forschung in der sozialen Arbeit (6)
Year: 2008 |
| Online Access: |
Inhaltstext (Publisher) Table of Contents Rezension (Publisher) |
| Check availability: | HBZ Gateway |
| Subito Delivery Service: | Order now. |
| Keywords: |
MARC
| LEADER | 00000cam a2200000 c 4500 | ||
|---|---|---|---|
| 001 | 556759575 | ||
| 003 | DE-627 | ||
| 005 | 20260206203156.0 | ||
| 007 | tu | ||
| 008 | 080116s2008 gw ||||| m 00| ||ger c | ||
| 015 | |a 08,N04,1101 |2 dnb | ||
| 015 | |a 08,N04,1101 |2 dnb | ||
| 016 | 7 | |a 987001701 |2 DE-101 | |
| 020 | |a 386649159X |c Kt. : sfr 61.00 (freier Pr.); EUR 33.00 |9 3-86649-159-X | ||
| 020 | |a 9783866491595 |c : Kt. : sfr 61.00 (freier Pr.); EUR 33.00 |9 978-3-86649-159-5 | ||
| 024 | 3 | |a 9783866491595 | |
| 035 | |a (DE-627)556759575 | ||
| 035 | |a (DE-603)197167284 | ||
| 035 | |a (DE-576)276858514 | ||
| 035 | |a (DE-599)DNB987001701 | ||
| 035 | |a (OCoLC)254180655 | ||
| 035 | |a (OCoLC)244056889 | ||
| 040 | |a DE-627 |b ger |c DE-627 |e rakwb | ||
| 041 | |a ger | ||
| 044 | |c XA-DE-NW |c XD-US | ||
| 050 | 0 | |a HV1448.G4 | |
| 050 | 0 | |a HV1448.G4 | |
| 072 | 7 | |a JFF |2 bicssc | |
| 072 | 7 | |a SOC |2 bisacsh | |
| 072 | 7 | |a 9720 |2 wsb | |
| 072 | 7 | |a JFFN |2 bicssc | |
| 072 | 7 | |a SOC007000 |2 bisacsh | |
| 082 | 0 | |a 360 |q BSZ | |
| 082 | 0 | |a 362.8292086910943 | |
| 082 | 0 | 4 | |a 360 |
| 084 | |a MS 3150 |2 rvk |0 (DE-625)rvk/123671: | ||
| 084 | |a MS 3550 |2 rvk |0 (DE-625)rvk/123684: | ||
| 084 | |a LB 44015 |2 rvk |0 (DE-625)rvk/90559:778 | ||
| 084 | |a DS 7400 |2 rvk |0 (DE-625)rvk/19968: | ||
| 084 | |a MS 3000 |q BVB |2 rvk |0 (DE-625)rvk/123652: | ||
| 084 | |a MS 3600 |q BVB |2 rvk |0 (DE-625)rvk/123685: | ||
| 084 | |a MS 4050 |q BVB |2 rvk |0 (DE-625)rvk/123691: | ||
| 084 | |a DS 7220 |q BVB |2 rvk |0 (DE-625)rvk/19964: | ||
| 084 | |a MS 2900 |q BSZ |2 rvk |0 (DE-625)rvk/123650: | ||
| 084 | |a 71.31 |2 bkl | ||
| 084 | |a 71.52 |2 bkl | ||
| 100 | 1 | |a Lehmann, Nadja |0 (DE-588)135755530 |0 (DE-627)571243657 |0 (DE-576)276858492 |4 aut | |
| 109 | |a Lehmann, Nadja | ||
| 245 | 1 | 0 | |a Migrantinnen im Frauenhaus |b biografische Perspektiven auf Gewalterfahrungen |c Nadja Lehmann |
| 263 | |a Erscheint: Mai 2008 | ||
| 264 | 1 | |a Opladen [u.a.] |b Budrich |c 2008 | |
| 300 | |a 330 S. |c 21 cm | ||
| 336 | |a Text |b txt |2 rdacontent | ||
| 337 | |a ohne Hilfsmittel zu benutzen |b n |2 rdamedia | ||
| 338 | |a Band |b nc |2 rdacarrier | ||
| 490 | 1 | |a Rekonstruktive Forschung in der sozialen Arbeit |v 6 | |
| 500 | |a Literaturverz. S. 307 - 325 | ||
| 502 | |a Zugl.: Berlin, Freie Univ., Diss., 2006 | ||
| 650 | 0 | 7 | |0 (DE-588)4155233-7 |0 (DE-627)105517321 |0 (DE-576)209817267 |a Frauenhaus |2 gnd |
| 650 | 0 | 7 | |0 (DE-588)4314292-8 |0 (DE-627)126500657 |0 (DE-576)211162183 |a Einwanderin |2 gnd |
| 650 | 0 | 7 | |0 (DE-588)4723056-3 |0 (DE-627)365816949 |0 (DE-576)21575591X |a Häusliche Gewalt |2 gnd |
| 650 | 0 | 7 | |0 (DE-588)4132300-2 |0 (DE-627)10421967X |0 (DE-576)209634405 |a Biografieforschung |2 gnd |
| 650 | 4 | |a Abused women |x Germany |x Biography | |
| 650 | 4 | |a Family Violence |x Social aspects |x Germany | |
| 650 | 4 | |a Family Violence |x Social aspects |x United States | |
| 650 | 4 | |a Women immigrants |x Germany |x Biography | |
| 650 | 4 | |a Women's shelters |x Germany | |
| 651 | 7 | |0 (DE-588)4011882-4 |0 (DE-627)104704861 |0 (DE-576)208896155 |a Deutschland |2 gnd | |
| 655 | 7 | |a Hochschulschrift |0 (DE-588)4113937-9 |0 (DE-627)105825778 |0 (DE-576)209480580 |2 gnd-content | |
| 689 | 0 | 0 | |d g |0 (DE-588)4011882-4 |0 (DE-627)104704861 |0 (DE-576)208896155 |a Deutschland |2 gnd |
| 689 | 0 | 1 | |d s |0 (DE-588)4155233-7 |0 (DE-627)105517321 |0 (DE-576)209817267 |a Frauenhaus |2 gnd |
| 689 | 0 | 2 | |d s |0 (DE-588)4314292-8 |0 (DE-627)126500657 |0 (DE-576)211162183 |a Einwanderin |2 gnd |
| 689 | 0 | 3 | |d s |0 (DE-588)4723056-3 |0 (DE-627)365816949 |0 (DE-576)21575591X |a Häusliche Gewalt |2 gnd |
| 689 | 0 | 4 | |d s |0 (DE-588)4132300-2 |0 (DE-627)10421967X |0 (DE-576)209634405 |a Biografieforschung |2 gnd |
| 689 | 0 | |5 DE-101 | |
| 689 | 1 | 0 | |d g |0 (DE-588)4011882-4 |0 (DE-627)104704861 |0 (DE-576)208896155 |a Deutschland |2 gnd |
| 689 | 1 | 1 | |d s |0 (DE-588)4314292-8 |0 (DE-627)126500657 |0 (DE-576)211162183 |a Einwanderin |2 gnd |
| 689 | 1 | 2 | |d s |0 (DE-588)4723056-3 |0 (DE-627)365816949 |0 (DE-576)21575591X |a Häusliche Gewalt |2 gnd |
| 689 | 1 | 3 | |d s |0 (DE-588)4132300-2 |0 (DE-627)10421967X |0 (DE-576)209634405 |a Biografieforschung |2 gnd |
| 689 | 1 | |5 DE-101 | |
| 689 | 2 | 0 | |d s |0 (DE-588)4723056-3 |0 (DE-627)365816949 |0 (DE-576)21575591X |a Häusliche Gewalt |2 gnd |
| 689 | 2 | 1 | |d s |0 (DE-588)4003731-9 |0 (DE-627)106388703 |0 (DE-576)208852654 |a Ausländerin |2 gnd |
| 689 | 2 | |5 (DE-627) | |
| 751 | |a Berlin |0 (DE-588)4005728-8 |0 (DE-627)10482638X |0 (DE-576)208862560 |4 uvp | ||
| 776 | 1 | |z 9783866499126 | |
| 830 | 0 | |a Rekonstruktive Forschung in der sozialen Arbeit |v 6 |9 600 |w (DE-627)521199352 |w (DE-576)259187003 |w (DE-600)2263282-7 |7 am | |
| 856 | 4 | 2 | |u http://www.socialnet.de/rezensionen/isbn.php?isbn=978-3-86649-159-5 |m V:DE-601 |m B:socialnet. |q text/html |v 201307-05 |x Verlag |y Rezension (socialnet.) |3 Rezension |7 1 |
| 856 | 4 | 2 | |u https://digitale-objekte.hbz-nrw.de/storage/2008/10/27/file_13/2631416.pdf |m V:DE-605 |m X:migimw |q application/pdf |v 2025-07-00 |3 Inhaltsverzeichnis |7 1 |
| 856 | 4 | 2 | |u http://deposit.dnb.de/cgi-bin/dokserv?id=3052729&prov=M&dok_var=1&dok_ext=htm |m X: MVB |q text/html |v 20130501 |x Verlag |3 Inhaltstext |7 1 |
| 856 | 4 | 2 | |u http://d-nb.info/987001701/04 |m B:DE-101 |3 Inhaltsverzeichnis |7 1 |
| 935 | |a mkri | ||
| 935 | |i Blocktest | ||
| 936 | r | v | |a MS 3150 |b Frauenbewegung |k Soziologie |k Spezielle Soziologien |k Soziologische Geschlechterforschung (Gender Studies) |k Spezielle Forschungsgebiete der soziologischen Geschlechterforschung |k Geschlechtlich motivierte politische Bewegungen |k Frauenbewegung |0 (DE-627)144133470X |0 (DE-625)rvk/123671: |0 (DE-576)371334705 |
| 936 | r | v | |a MS 3550 |b Ausländer, Arbeitsmigrant |k Soziologie |k Spezielle Soziologien |k Soziologie der Minoritäten und Randgruppen |k Ausländer, Arbeitsmigrant |0 (DE-627)1271086611 |0 (DE-625)rvk/123684: |0 (DE-576)201086611 |
| 936 | r | v | |a LB 44015 |b Deutschland insgesamt |k Sozial- und Kulturanthropologie. Empirische Kulturwissenschaft |k Soziale und politische Organisation und Praxis |k Ethnologische Geschlechter- und Sexualitätsforschung |k Europa |k Mitteleuropa |k Deutschland |k Deutschland insgesamt |0 (DE-627)1271477947 |0 (DE-625)rvk/90559:778 |0 (DE-576)201477947 |
| 936 | r | v | |a DS 7400 |b Betreuung von sozialen Minderheiten und Ausländern |k Pädagogik |k Sozialpädagogik, Sozialarbeit |k Berufsfelder |k Betreuung von sozialen Minderheiten und Ausländern |0 (DE-627)127078451X |0 (DE-625)rvk/19968: |0 (DE-576)20078451X |
| 936 | r | v | |a MS 3000 |b Allgemeines |k Soziologie |k Spezielle Soziologien |k Soziologische Geschlechterforschung (Gender Studies) |k Spezielle Forschungsgebiete der soziologischen Geschlechterforschung |k Allgemeines |0 (DE-627)1270705695 |0 (DE-625)rvk/123652: |0 (DE-576)200705695 |
| 936 | r | v | |a MS 3600 |b Emigranten, Immigranten, Geflüchtete |k Soziologie |k Spezielle Soziologien |k Soziologie der Minoritäten und Randgruppen |k Emigranten, Immigranten, Geflüchtete |0 (DE-627)1270927078 |0 (DE-625)rvk/123685: |0 (DE-576)200927078 |
| 936 | r | v | |a MS 4050 |b Biografie, Lebensverlauf, Lebensverlaufsforschung |k Soziologie |k Spezielle Soziologien |k Soziologie der Demographie |k Biografie, Lebensverlauf, Lebensverlaufsforschung |0 (DE-627)1272456218 |0 (DE-625)rvk/123691: |0 (DE-576)202456218 |
| 936 | r | v | |a DS 7220 |b Betreuung von Frauen |k Pädagogik |k Sozialpädagogik, Sozialarbeit |k Berufsfelder |k Betreuung von Frauen |0 (DE-627)1270784447 |0 (DE-625)rvk/19964: |0 (DE-576)200784447 |
| 936 | r | v | |a MS 2900 |b Verhältnis der Geschlechter, Allgemeines und Verschiedenes |k Soziologie |k Spezielle Soziologien |k Soziologische Geschlechterforschung (Gender Studies) |k Verhältnis der Geschlechter, Allgemeines und Verschiedenes |0 (DE-627)1270706764 |0 (DE-625)rvk/123650: |0 (DE-576)200706764 |
| 936 | b | k | |a 71.31 |j Geschlechter und ihr Verhalten |0 (DE-627)106412655 |
| 936 | b | k | |a 71.52 |j Kulturelle Prozesse |x Soziologie |0 (DE-627)106413678 |
| 936 | s | n | |a d100 |2 mzub |
| 936 | s | n | |a m200 |2 mzub |
| 951 | |a BO | ||
| ELC | |b 1 | ||
| LOK | |0 000 xxxxxcx a22 zn 4500 | ||
| LOK | |0 001 3156150762 | ||
| LOK | |0 003 DE-627 | ||
| LOK | |0 004 556759575 | ||
| LOK | |0 005 20080801153429 | ||
| LOK | |0 008 080204||||||||||||||||ger||||||| | ||
| LOK | |0 040 |a DE-Frei85 |c DE-627 |d DE-Frei85 | ||
| LOK | |0 852 |a DE-Frei85 | ||
| LOK | |0 852 1 |m p |9 00 | ||
| LOK | |0 938 |k p | ||
| LOK | |0 939 |a 04-02-08 |b l01 | ||
| ORI | |a SA-MARC-krimdoka001.raw | ||
| TIM | |a 100019901003_100020261231 |b 1990-10-03 - 2026 | ||
